00988cam a2200289 a 4500999001500000001000600015003000900021005001700030008004100047020001800088020001500106037005300121040002800174082001700202100001600219245007400235250001200309260004100321300003000362504005100392520002900443650003200472650002200504650004100526942001200567952011900579 c1066d106615321BD-DhUAP20200202141049.0200202s2010 ii b 001 0 eng  a9788170129783 a8170129788 bLibrary of Congress -- New Delhi Overseas Office aDLCcDLCdBD-DhUAPbEng a347.5405 RAO1 aRao, Mamta.10aPublic interest litigation :blegal aid and lok adalats /cMamta Rao. a3rd ed. aLucknow :bEastern Book Co.,cc2010. axxiv, 439 pages ;c24 cm. aIncludes bibliographical references and index. aWith reference to India. 0aPublic interest lawzIndia. 0aLegal aidzIndia. 0aNeighborhood justice centerszIndia. 2ddccBK 00102ddc4070aUAPCLbUAPCLcGeneral Stacksd2020-02-02o347.5405 RAOp3010015321r2020-02-02t1w2020-02-02yBK